[Event "Dortmunder Schachtage-A 18th"]
[Site "Dortmund"]
[Date "1990.04.09"]
[Round "5"]
[White "Brunner, Lucas"]
[Black "Stohl, Igor"]
[Result "1-0"]
[WhiteElo "2525"]
[BlackElo "2530"]
[Annotator "Boensch,U"]
[PlyCount "55"]
[EventDate "1990.04.05"]
[EventType "tourn"]
[EventRounds "11"]
[EventCountry "GER"]
[EventCategory "13"]
[SourceTitle "CBM 018"]
[Source "ChessBase"]
[SourceDate "1990.10.01"]
[SourceVersion "1"]
[SourceVersionDate "1990.10.01"]
[SourceQuality "1"]

1. e4 {Bönsch} c5 2. Nf3 d6 3. d4 cxd4 4. Nxd4 Nf6 5. Nc3 a6 6. Bg5 e6 7. f4
Qb6 8. Qd2 Qxb2 9. Rb1 Qa3 10. f5 Nc6 11. fxe6 fxe6 12. Nxc6 bxc6 13. e5 dxe5
14. Bxf6 gxf6 15. Ne4 Qxa2 (15... Be7 16. Be2 h5 17. Rb3 Qa4 18. Nxf6+ Bxf6 19.
c4 Ra7 20. O-O Rd7 21. Qe3 Rf7 22. Rxf6 Rxf6 23. Qxe5 Rfh6 $1 24. Qc7 Bd7 25.
Qd6 c5 $1 {(Krnic) Inf.48/369}) 16. Rd1 Be7 17. Be2 O-O 18. O-O f5 19. Qh6 Rf7
(19... Qxc2 20. Rf3 f4 21. Rh3 Rf7 22. Rhd3 Qxe2 23. Rd8+ Rf8 24. Nf6+ Kf7 25.
Nh5 Bxd8 26. Qxh7+ Ke8 27. Qg6+ Ke7 28. Qg5+ Kf7 29. Qg7+ Ke8 30. Qg6+ {
remis, Watson - King London WTW 1990}) 20. Rd3 Rg7 21. Rfd1 fxe4 22. Rd8+ Bxd8
23. Rxd8+ Kf7 24. Qh5+ Kf6 25. Qh4+ Rg5 26. Qh6+ Rg6 27. Qf8+ Kg5 28. g3 (28.
g3 Rf6 29. h4+ Kf5 30. g4+ Kf4 31. Qxf6+ Kg3 (31... Ke3 32. Qf2#) 32. Qf2+ Kh3
33. Qh2#) 1-0

[Event "Hoogovens-B"]
[Site "Wijk aan Zee"]
[Date "1992.01.??"]
[Round "3"]
[White "Nijboer, Friso"]
[Black "De Boer, Gert Jan"]
[Result "1-0"]
[WhiteElo "2455"]
[BlackElo "2425"]
[Annotator "Boensch,U"]
[PlyCount "105"]
[EventDate "1992.01.??"]
[EventType "tourn"]
[EventRounds "11"]
[EventCountry "NED"]
[EventCategory "10"]
[SourceTitle "CBM 028"]
[Source "ChessBase"]
[SourceDate "1992.06.01"]
[SourceVersion "1"]
[SourceVersionDate "1992.06.01"]
[SourceQuality "1"]

1. e4 c5 2. Nf3 d6 3. d4 cxd4 4. Nxd4 Nf6 5. Nc3 a6 6. Bg5 e6 7. f4 Qb6 8. Nb3
Be7 9. Be2 Nbd7 10. Qd3 Qc7 11. Bf3 (11. O-O-O b5) 11... Rb8 (11... h6 12. Bxf6
Nxf6 13. O-O-O e5 14. f5 Bd7 15. Kb1 b5 16. Nd2 Rc8 17. h4 h5 18. Nd5 Nxd5 19.
exd5 Qb6 20. Be4 Bf6 21. Qf3 Ke7 22. g3 a5 23. Bd3 a4 {1/2 Ljubojevic,
L-Georgiev,Ki Novi Sad olm 1990}) 12. h4 {N} (12. O-O-O b5 13. Bxf6 Nxf6 14. g4
b4 15. Ne2 e5 $132 {Yudasin,L-Oll,L Sevilla 1992}) 12... b5 13. g4 b4 14. Ne2
a5 15. Nbd4 Nc5 16. Qe3 Ncxe4 $6 (16... Rb6 $5) 17. Bxe4 Nxe4 18. Bxe7 (18.
Qxe4 Bb7) 18... Kxe7 19. Qxe4 Bb7 20. Qe3 Bxh1 21. f5 $40 e5 22. f6+ $1 Kd7 (
22... Kxf6 $4 23. Qg5#) (22... gxf6 23. Nf5+ Ke8 24. O-O-O $18) 23. fxg7 exd4 (
23... Rhg8 24. Nf5 $16) 24. gxh8=Q dxe3 25. Qxh7 Qc4 26. Rd1 Rb5 27. Nd4 Re5
28. b3 Qc3+ 29. Ke2 Bd5 30. h5 Qc8 31. Rd3 Qd8 32. Rxe3 Rxe3+ 33. Kxe3 Qg5+ 34.
Kd3 Qxg4 35. Qf5+ Qxf5+ 36. Nxf5 Ke6 $2 (36... f6 37. h6 Bg8) 37. Ne3 Bf3 38.
h6 Kf6 39. Nc4 Kg6 40. Nxd6 f6 41. Nc4 Kxh6 42. Nxa5 Kg5 43. Nc4 Bd5 44. Ne3
Be6 45. c4 bxc3 (45... f5 46. Nc2 f4 47. Nxb4 $18) 46. Kxc3 Kf4 (46... f5 $5)
47. Kd4 f5 48. b4 $1 $18 Bxa2 49. b5 Be6 (49... Bb1 50. b6 Be4 51. Nd5+ $18)
50. Nd5+ Kg4 51. Ne7 f4 52. b6 f3 53. Ke3 $1 {Boensch} (53. Ke3 Kg3 54. b7 f2
55. b8=Q+ $18) 1-0

[Event "URS-sf"]
[Site "Daugavpils"]
[Date "1989.??.??"]
[Round "?"]
[White "Epishin, Vladimir"]
[Black "Petrosian, Arshak B"]
[Result "1-0"]
[WhiteElo "2460"]
[BlackElo "2490"]
[Annotator "Boensch,U"]
[PlyCount "75"]
[EventDate "1989.11.??"]
[EventType "tourn"]
[EventRounds "15"]
[EventCountry "URS"]
[EventCategory "9"]
[SourceTitle "CBM 016"]
[Source "ChessBase"]
[SourceDate "1990.06.01"]
[SourceVersion "1"]
[SourceVersionDate "1990.06.01"]
[SourceQuality "1"]

1. e4 {Bönsch} c5 2. Nf3 d6 3. d4 cxd4 4. Nxd4 Nf6 5. Nc3 a6 6. Bg5 e6 7. f4
Qb6 8. Nb3 Be7 9. Qf3 Nbd7 10. O-O-O Qc7 11. Qg3 (11. Bd3 b5 12. Rhe1 Bb7 13.
a3 h6 14. Qh3 O-O-O $13 {Van der Wiel-Portisch Rotterdam 1989 1-0 (40)}) 11...
h6 12. Bxf6 (12. Bh4 g5 $1) 12... Bxf6 13. e5 dxe5 14. Ne4 exf4 15. Nxf6+ gxf6
16. Qg7 Rf8 17. Nd4 Qa5 18. Bd3 Nc5 (18... Qxa2 $5) 19. Bc4 Bd7 20. Qxf6 Ne4
21. Qxf4 Qg5 22. Qxg5 hxg5 23. Rhe1 Nf6 24. Re2 O-O-O (24... Rc8 25. Nf5 Kd8
26. Nd6 Rc7 27. Bb3 $16) (24... g4 $5) 25. Nf3 Rg8 26. Ne5 Be8 27. Rf1 $18 Nh5
28. Nxf7 Nf4 29. Rxf4 $1 gxf4 30. Bxe6+ Rd7 31. Nd6+ Kd8 32. Nxb7+ Rxb7 33.
Bxg8 Bc6 34. Rd2+ Ke7 35. Bd5 Bxd5 36. Rxd5 Ke6 37. Rd3 Ke5 38. g3 1-0

[Event "Linares 08th"]
[Site "Linares"]
[Date "1990.??.??"]
[Round "7"]
[White "Ivanchuk, Vassily"]
[Black "Kasparov, Garry"]
[Result "0-1"]
[WhiteElo "2665"]
[BlackElo "2800"]
[Annotator "Boensch,U"]
[PlyCount "86"]
[EventDate "1990.02.??"]
[EventType "tourn"]
[EventRounds "11"]
[EventCountry "ESP"]
[EventCategory "16"]
[SourceTitle "CBM 017"]
[Source "ChessBase"]
[SourceDate "1990.08.01"]
[SourceVersion "1"]
[SourceVersionDate "1990.08.01"]
[SourceQuality "1"]

1. e4 {Bönsch} c5 2. Nf3 d6 3. d4 cxd4 4. Nxd4 Nf6 5. Nc3 a6 6. Bg5 e6 7. f4
Qb6 8. Qd2 Qxb2 9. Rb1 Qa3 10. f5 Nc6 11. fxe6 fxe6 12. Nxc6 bxc6 13. Be2 Be7
14. O-O O-O 15. Rb3 Qc5+ 16. Be3 Qe5 17. Bf4 Qc5+ 18. Kh1 Ng4 19. h3 e5 20. Na4
Qa7 21. Bc4+ Kh8 22. hxg4 exf4 23. Nb6 d5 {N} (23... Rb8 24. Rxf4 Bd7 25. Nxd7
Qxd7 26. Rf5 Qa7 27. Rxb8 Qxb8 28. Qf2 a5 29. g5 Qd8 30. g6 hxg6 31. Rf3 Rxf3
32. Qxf3 Bg5 $10 {Konovalov - Zablockij corr. 1989 -Inf.48/369}) 24. exd5 cxd5
25. Bxd5 Rb8 26. Nxc8 Rbxc8 $10 27. Rh3 Qb6 28. Re1 Bg5 29. Re6 Qd8 30. c4 Rb8
31. Qd3 Bh4 (31... h6 $2 32. Qg6 f3 (32... Rf6 $2 33. Qxg5) 33. Rxf3 Rxf3 34.
gxf3 Bf4 35. Kg1 $16) 32. Be4 Qg5 (32... Qxd3 $2 33. Bxd3 Rbd8 34. Rxh4 Rxd3
35. g5 $16) 33. Bxh7 $2 {>= 33.Dd5} Rfd8 34. Qc2 f3 $3 35. Rxf3 Rd2 36. Qe4
Rd1+ 37. Kh2 Re1 $19 38. Qf5 $19 Rxe6 39. Qxe6 Kxh7 40. Qe4+ g6 41. Rh3 Kg7 42.
Qd4+ Kg8 43. Qe4 Qf6 0-1

[Event "Pamplona 9091 1st"]
[Site "Pamplona"]
[Date "1990.??.??"]
[Round "?"]
[White "Yudasin, Leonid"]
[Black "Novikov, Igor A"]
[Result "1-0"]
[WhiteElo "2615"]
[BlackElo "2575"]
[Annotator "Boensch,U"]
[PlyCount "89"]
[EventDate "1990.12.??"]
[EventType "tourn"]
[EventRounds "9"]
[EventCountry "ESP"]
[EventCategory "12"]
[SourceTitle "CBM 021"]
[Source "ChessBase"]
[SourceDate "1991.04.01"]
[SourceVersion "1"]
[SourceVersionDate "1991.04.01"]
[SourceQuality "1"]

1. e4 {Boensch} c5 2. Nf3 d6 3. d4 cxd4 4. Nxd4 Nf6 5. Nc3 a6 6. Bg5 e6 7. f4
Qb6 8. Nb3 Be7 9. Be2 Qe3 10. Qd3 Qxd3 11. cxd3 h6 12. Bxf6 Bxf6 13. d4 b6 (
13... Nc6 14. O-O-O O-O 15. d5 exd5 16. Nxd5 $14 {Yudasin,L-Gruenberg,H.U
Moskau (GMA) 1989 -Inf.47/327}) 14. O-O Bb7 15. Bf3 Nd7 16. Rac1 Rc8 $6 (16...
Bd8 $10) 17. e5 Bxf3 18. exf6 $1 Ba8 (18... Bb7 $6 19. Ne4 Nxf6 (19... Rxc1 20.
Nxd6+ Kf8 21. fxg7+ Kxg7 22. Rxc1 $16) 20. Nxd6+ Kd7 21. Nxb7 (21. Nxc8 Bxc8
22. f5 $16) (21. Nxf7 $16) 21... Rc7 22. N7c5+ bxc5 23. Nxc5+ Kd6 24. Nxa6 $18)
19. fxg7 Rg8 20. Nd5 $1 $16 Rd8 21. Nc7+ Ke7 22. d5 Rxg7 23. Nd4 Nc5 (23... Bb7
24. f5 e5 25. f6+ Nxf6 26. Nf5+ Kf8 27. Nxg7 Kxg7 28. Ne6+ fxe6 29. Rc7+ Rd7
30. Rfc1 (30. Rxd7+ $2 Nxd7 31. dxe6 Nf6 $19) 30... Bxd5 31. Rxd7+ Nxd7 32. Rc7
Kf6 33. Rxd7 Bxa2 34. Rxd6 $16) 24. Nxa8 Rxa8 25. dxe6 fxe6 26. f5 Rg4 (26...
Rf8 27. b4 $18) 27. Nxe6 Rag8 (27... Nxe6 28. Rce1 $18) 28. Nf4 Kf6 29. Nd5+
Ke5 30. Ne3 Re4 31. Nc4+ Kf6 32. Rc2 $18 Rd4 33. Nxb6 Ne4 34. g3 Rg7 35. Rc8
Rb7 36. Rc6 Kg5 37. b3 Rd2 38. Nc4 Rxa2 39. Nxd6 Nxd6 40. Rxd6 Rxb3 41. Rg6+
Kh5 42. g4+ Kh4 43. Rxh6+ Kxg4 44. f6 Rf3 (44... Rb8 45. f7 Rf8 46. Rg6+ Kh3
47. Rf3+ Kh4 48. Rg8 $18) 45. f7 1-0

[Event "Riga Tal Memorial"]
[Site "Riga"]
[Date "1995.??.??"]
[Round "9"]
[White "Short, Nigel D"]
[Black "Kasparov, Garry"]
[Result "1/2-1/2"]
[WhiteElo "2655"]
[BlackElo "2805"]
[Annotator "Boensch,U"]
[PlyCount "59"]
[EventDate "1995.04.??"]
[EventType "tourn"]
[EventRounds "11"]
[EventCountry "LAT"]
[EventCategory "17"]
[SourceTitle "CBM 047"]
[Source "ChessBase"]
[SourceDate "1995.08.01"]
[SourceVersion "1"]
[SourceVersionDate "1995.08.01"]
[SourceQuality "1"]

1. e4 {Ftacnik} c5 2. Nf3 d6 3. d4 cxd4 4. Nxd4 Nf6 5. Nc3 a6 6. Bg5 e6 7. f4
Qb6 8. Qd2 (8. Bxf6 gxf6 9. Be2 Qxb2 10. Na4 Qa3 11. c3 Nd7 12. O-O b5 13. Bh5
bxa4 14. Bxf7+ Ke7 (14... Kxf7 $2 15. Qh5+ Kg8 16. Qg4+ Bg7 17. Nxe6 $18) 15.
Nc6+ Kxf7 16. Qh5+ Kg7 17. Nd4 (17. Qg4+ $10) 17... Rg8 $19 {Hector,J-Olafsson,
H Reykjavik zt (10) 1995 0-1 24 - CBM 47}) (8. Nb3 Nbd7 9. Be2 Be7 10. Qd3 Qc7
11. Bf3 Rb8 12. O-O-O b5 13. Bxf6 Nxf6 14. g4 b4 15. Ne2 e5 16. f5 Nd7 17. Kb1
a5 18. h4 a4 19. Nbc1 Nc5 $15 {Groszpeter,A-Georgiev,Ki Odorheiu zt (04) 1995
1-0 72 - CBM 47}) 8... Qxb2 9. Nb3 {Eine Spezialität von Short, häufiger wird
9.Rb1 gespielt.} Qa3 (9... Nc6 10. Bxf6 gxf6 11. Na4 Qa3 12. Nb6 Rb8 13. Nc4
Qa4 14. a3 b5 15. Nxd6+ Bxd6 16. Qxd6 Qxe4+ $17 {Adams,M-Gelfand,B (3) Wijk
cm1 1994 1/2 36}) 10. Bxf6 gxf6 11. Be2 h5 (11... Nc6 12. O-O (12. f5 Bg7 13.
fxe6 Bxe6 14. Nd5 f5 15. Nc7+ Kd7 16. Nxa8 Rxa8 17. Rd1 fxe4 $15 {Dang Tat
Thang-Marte,M Novi Sad olm (08) VIE-DOM 1990 1-0 49}) 12... Bd7 13. Kh1 h5 14.
Nd1 Rc8 15. Ne3 Qb4 16. c3 Qxe4 17. Bd3 Qa4 18. Nc4 Rc7 19. Nb6 Qa3 20. Rae1 (
20. Nc4 Qa4 21. Nb6 Qa3 22. Nc4 {1/2 Gulko,B-Psakhis,L Beersheba (10) 1993})
20... Ne7 21. Nc4 Rxc4 22. Bxc4 h4 23. Bd3 f5 24. Be2 Bg7 25. c4 h3 26. g3 d5
$15 {Short,N-Kasparov,G (04) PCA-Wch (London) 1993 0-1 40}) 12. O-O Nd7 $1 (
12... Nc6 13. Kh1 Bd7 14. Qe3 (14. Nb1 Qb4 15. Qe3 Ne7 16. c4 f5 17. a3 Qa4 18.
Nc3 Qc6 19. Nd4 Qc5 20. exf5 Bg7 21. fxe6 fxe6 22. Rad1 Bxd4 23. Qxd4 Qxd4 24.
Rxd4 $17 {Qi,Jingxuan-Karpov,An/Hannover/1983/}) 14... Rc8 15. Nb1 Qa4 (15...
Qb2 {Ftacnik} 16. N1d2 d5 17. exd5 Nb4 18. dxe6 fxe6 19. Nc4 Nd5 20. Qe4 f5 21.
Qxd5 exd5 22. Nxb2 Rxc2 23. Rfe1 Rxb2 24. Bxa6+ {Mordue,T-Collinson,A/GBR-ch
Eastbourne (06)/1991/0.5 (30)}) 16. c4 Na5 17. Qc3 Nxc4 18. Qxf6 Rh6 19. Qd4
Rh7 20. f5 exf5 21. Nc3 Bg7 22. Nxa4 Bxd4 23. Nxd4 Bxa4 24. Rac1 {Tal,M-Byrne,
R/Leningrad izt/1973/0.5 (43)}) 13. Kh1 h4 14. h3 Be7 15. Rad1 b6 (15... b5 16.
Bxb5 axb5 17. Nxb5 Qa4 18. Nc7+ Kf8 19. Nxa8 Qxa8 $13) 16. Qe3 Bb7 17. f5 Rc8 (
17... Ne5 $6 {Ftacnik} 18. Qxb6) 18. fxe6 fxe6 19. Bg4 Qb2 $2 (19... Nc5 $1 20.
Qd4 (20. Nxc5 $2 Qxc5 21. Qxc5 Rxc5 22. Rd3 Kf7 $19) 20... Nxb3 21. cxb3 Qc5
22. Na4 Qxd4 23. Rxd4 Kf7 24. Nxb6 Rc2 $15) 20. Rd3 f5 (20... Ne5 $2 21. Bxe6
Nxd3 22. Bxc8 Bxc8 23. Qxd3 $14) 21. Rb1 (21. exf5 {Ftacnik} Ne5 (21... Qxc2
22. Rf2 Rxc3 23. Rxc3 Qe4 24. Rc8+ $5 (24. fxe6 $16) 24... Bd8 25. Qxe4 Bxe4
26. fxe6 Ne5 27. Be2 $18) 22. f6 Nxd3 $2 (22... Qxc2 $1 $19) 23. Qxe6 $1 Rc7
24. fxe7 Rxe7 25. Qg6+ Kd8 26. Qxd6+ Ke8 27. Qb8+ $18) 21... Qxb1+ (21... Qxc2
$2 22. Bd1 $16 (22. Bd1 {Ftacnik} Rxc3 23. Bxc2 Rxc2 24. Nd4 Rxa2 $13)) (21...
Qa3 {Ftacnik} 22. exf5 Ne5 23. fxe6 Nxd3 24. Qxd3 Qb4 25. Nd5 Bxd5 26. Qxd5 O-O
$5) 22. Nxb1 fxg4 23. hxg4 h3 (23... Rxc2 24. Nd4 Rxa2 25. Nxe6 {ist zu
riskant für Schwarz.}) 24. Rc3 (24. gxh3 {Ftacnik} Ne5 25. Rc3 Bxe4+ 26. Qxe4
Rxc3 27. Nxc3 Rxh3+ 28. Kg2 Rxc3 $13) 24... hxg2+ 25. Kxg2 Rg8 26. Rxc8+ Bxc8
27. Kf1 Rxg4 28. N1d2 e5 29. Qc3 Bb7 (29... Kd8 {Ftacnik} 30. Qc6 $36) 30. Qc7
(30. Qc7 Rf4+ (30... Bxe4 {Ftacnik} 31. Qc8+ Bd8 32. Nxe4 Rxe4 33. Qxa6 $10)
31. Kg2 Bxe4+ 32. Nxe4 Rxe4 33. Qc8+ Bd8 34. Qxa6 $10) 1/2-1/2

[Event "Comtois Masters 5th"]
[Site "Belfort"]
[Date "2002.06.30"]
[Round "3"]
[White "Hamdouchi, Hicham"]
[Black "Bologan, Viktor"]
[Result "1-0"]
[WhiteElo "2570"]
[BlackElo "2652"]
[Annotator "Bologan,V"]
[PlyCount "51"]
[EventDate "2002.06.27"]
[EventType "tourn"]
[EventRounds "10"]
[EventCountry "FRA"]
[EventCategory "14"]
[SourceTitle "CBM 090"]
[Source "ChessBase"]
[SourceDate "2002.09.20"]
[SourceVersion "1"]
[SourceVersionDate "2002.09.20"]
[SourceQuality "1"]

1. e4 c5 2. Nf3 d6 3. d4 cxd4 4. Nxd4 Nf6 5. Nc3 a6 6. Bg5 e6 7. f4 Qb6 8. Qd2
Qxb2 9. Nb3 Qa3 10. Bxf6 gxf6 11. Be2 Bg7 $6 {When this position appeared at
the board I started desperately to remember the theory of it. The only thing I
could remember that at a certain moment black is opening the a1-h8 diagonal
for the bishop. Finally I decided to start with the bishop move which was
already an inexactity. Later on when from five black players on the board only
one the queen was developed and the king was already under mating attack I
regreted a lot my opening strategy.} (11... h5 {Was tried recently} 12. O-O Nd7
13. Kh1 h4 14. h3 b6 15. Rad1 Bb7 16. f5 Rc8 17. fxe6 fxe6 18. Qd4 Be7 19. Bg4
Nc5 20. Rf3 Nxb3 21. cxb3 Qc5 22. Bxe6 Qxd4 23. Rxd4 $14 {Luther T.(2544) -
Kasimdzhanov R.(2693), Essen 2002 It (cat.16)}) (11... Nc6 {is considered as
the main line} 12. O-O Na5 (12... Bd7 13. Nd1 Be7 (13... Qb4 14. c3 Qb6+ 15.
Ne3 Qc7 $13) 14. Ne3 b5 15. Bh5 Qb4 16. c3 Qxe4 17. f5 e5 18. Nd5 $44 {Vouldis
A.(2497) - Shipov S.(2640), Ano Liosia 2001 It (open)}) (12... Bg7 13. Rf3 O-O
14. Kh1 Rd8 15. Rg3 d5 16. exd5 f5 17. Rd1 Qf8 18. d6 Kh8 19. Na4 b5 20. Nac5
$16 {Kasimdzhanov R.(2693) - Polgar J.(2676), Moscow 2002 It "Grand Prix" 
(active)}) 13. Kh1 Nxb3 14. axb3 Qc5 15. f5 Bd7 16. b4 Qxb4 17. fxe6 fxe6 18.
Rfb1 Qc5 19. Rxb7 Be7 20. Rxa6 Rxa6 21. Bxa6 Bc8 22. Rb8 O-O 23. Rxc8 Rxc8 24.
Bxc8 Qxc8 {= Luther T.(2544) - Timoshenko G.(2537), Panormo 2001 Cup European
Club (final)}) 12. O-O Qb4 13. Rf3 Nd7 {During the game I always had in mind
the fear to get on Nc6 Qe3 followed by the queen trap. Mostly because of this
I developed my knight to d7. The bad news about this is that I can not develop
my queenside.} 14. Rd1 Qb6+ 15. Kh1 Qc7 $2 {>< h5 Been for a long time a
rauzer player in the sicilian I of course knew that in this type of positions
black has to be careful about the h5 square. That wasn't my day. I completely
underestimated the Bh5 move.} (15... h5 $1 {Was positionally the only move.
And strangely black seems to be fine.} 16. Qxd6 (16. Rd3 Bf8 $13 17. e5 $2 fxe5
18. Ne4 (18. fxe5 Nxe5 19. Rh3 h4 20. Ne4 Bd7 21. Nf6+ Kd8 22. Qg5 Kc7 $17)
18... d5 19. c4 dxe4 20. Rxd7 Bb4 $19) 16... Qxd6 17. Rxd6 b6 $13) 16. Rg3 Bf8
$6 {Another waste of tempo. After Bh6 black would hold.} 17. Bh5 $1 {White's
plan is obvious to play f5 and to force black to take on e6 with the bishop.}
Nc5 (17... Nb6 18. f5 Bd7 (18... e5 19. a4 Bd7 20. a5 $16) 19. fxe6 Bxe6 20.
Nd5 Bxd5 21. exd5 $16) (17... b5 18. f5 Nb6 19. fxe6 Bxe6 20. Nd5 $16) 18. Nxc5
Qxc5 (18... dxc5 19. f5 b5 20. e5 $1 fxe5 21. Qg5 $18) 19. e5 $1 {Here it
comes. If I would be asked to give an sample of a complete ignorance of the
developing rule I would choose this game. The center breacktghrough is rather
typical and at the same time esthetical.} Qa5 {The agony.} (19... fxe5 20. fxe5
d5 21. Ne4) 20. Qe2 dxe5 21. Bxf7+ $1 Kxf7 22. Qh5+ Ke7 23. Ne4 Bd7 24. Qh4
exf4 25. Qxf6+ Ke8 26. Rg7 1-0

[Event "Olympiad-23"]
[Site "Buenos Aires"]
[Date "1978.11.08"]
[Round "13"]
[White "Liberzon, Vladimir Mikhailovi"]
[Black "Ribli, Zoltan"]
[Result "1/2-1/2"]
[WhiteElo "2555"]
[BlackElo "2585"]
[Annotator "Bukic,E"]
[PlyCount "57"]
[EventDate "1978.10.25"]
[EventType "team-swiss"]
[EventRounds "14"]
[EventCountry "ARG"]
[SourceTitle "EXT 2000"]
[Source "ChessBase"]
[SourceDate "1999.11.16"]
[SourceVersion "1"]
[SourceVersionDate "1999.11.16"]
[SourceQuality "1"]
[WhiteTeam "Israel"]
[BlackTeam "Hungary"]
[WhiteTeamCountry "ISR"]
[BlackTeamCountry "HUN"]

{Inf.26/507} 1. e4 c5 2. Nf3 d6 3. d4 cxd4 4. Nxd4 Nf6 5. Nc3 a6 6. Bg5 e6 7.
f4 Qb6 8. Qd2 Qxb2 9. Nb3 Nc6 10. Bxf6 gxf6 11. Be2 Qa3 12. O-O Bd7 13. Kh1 Rc8
14. Bh5 Bg7 15. Rf3 O-O 16. Re1 Na5 17. f5 Nxb3 18. axb3 Qa5 19. Rd3 exf5 20.
Rxd6 Be6 (20... Qxc3 21. Rxd7 Qxc2 22. Qxc2 Rxc2 23. exf5 $44) 21. Nd5 Qxd2 22.
Ne7+ Kh8 23. Rxd2 Rce8 24. exf5 Bxf5 (24... Rxe7 25. Rde2 $1 $11) 25. Rde2 Bd7
$11 26. Bf3 b5 27. Ra1 b4 28. Nd5 f5 29. Rd1 1/2-1/2

[Event "Oakham YM"]
[Site "Oakham"]
[Date "1992.??.??"]
[Round "2"]
[White "Akopian, Vladimir Eduardovic"]
[Black "Collinson, Adam"]
[Result "1/2-1/2"]
[WhiteElo "2605"]
[BlackElo "2335"]
[Annotator "Bulletin"]
[PlyCount "90"]
[EventDate "1992.03.??"]
[EventType "swiss"]
[EventRounds "9"]
[EventCountry "ENG"]
[SourceTitle "CBM 030"]
[Source "ChessBase"]
[SourceDate "1992.10.01"]
[SourceVersion "1"]
[SourceVersionDate "1992.10.01"]
[SourceQuality "1"]

1. e4 c5 2. Nf3 d6 3. d4 cxd4 4. Nxd4 Nf6 5. Nc3 a6 6. Bg5 e6 7. f4 Qb6 8. Nb3
Be7 9. Qf3 Nbd7 10. O-O-O Qc7 11. g4 b5 12. Bxf6 Nxf6 13. g5 Nd7 {Although
Black has lost a tempo with Qb6-c7 White's extra move Nb3 takes a lot of
pressure off e6 and devalues the f5 thrust.} 14. a3 Rb8 15. h4 b4 16. axb4 Rxb4
17. Rd4 {Before ..Nc5 exposes b2 to attack.} Rxd4 18. Nxd4 Qb6 19. Nb3 Bb7 20.
h5 Nc5 21. Bc4 {Critical, 21.Nxc5 Qxc5 is fine for Black.} Nxe4 $1 {21..Nxb3
22.Bxb3 secures the white king.} 22. Nxe4 d5 23. Bd3 dxe4 24. Bxe4 Bxe4 25.
Qxe4 O-O 26. Kb1 Rd8 27. g6 f5 $1 28. Qc4 Qe3 $1 {Otherwise 29.Re1 would be
strong, Black now finds a succession of only moves.} 29. Qc7 Qe4 (29... Bf6 30.
Qf7+ Kh8 31. h6 $1 $18 {G.Flear}) 30. Rg1 Bf6 31. gxh7+ Kxh7 32. h6 Kxh6 {
33.Rxg7 was threatened} 33. Qf7 Kh7 34. Nc5 Qf3 35. Nd7 Bd4 $1 {The rook must
be deflected from g7.} 36. Re1 Bxb2 $1 37. Kxb2 (37. Nf8+ Rxf8 38. Qxf8 Bc3 $19
{/\ Qb7+}) (37. Rxe6 Qd1+ 38. Kxb2 Qxd7 39. Qxf5+ Kg8 40. Qe5 Qd4+ $10) 37...
Qb7+ 38. Kc1 Rxd7 39. Qh5+ Kg8 40. Qe8+ Kh7 41. Qh5+ Kg8 42. Rh1 Rd8 $1 {
The simplest method the attack on h1 forces White to take perpetual.} 43. Qh7+
Kf8 44. Qh8+ Kf7 45. Qh5+ Kg8 1/2-1/2